Çanakkale 1915, Mustafa Kemal Atatürk ve modern Türkiye (Record no. 5044)
[ view plain ]
| 000 -BAŞLIK | |
|---|---|
| Sabit Uzunlukta Kontrol Alanı | 01040na a2200289 4500 |
| 001 - KONTROL NUMARASI | |
| Denetim Alanı | 20641 |
| 003 - KONTROL NUMARASI IDENTIFIER | |
| Denetim Alanı | MIRAKIL |
| 005 - SON İŞLEM TARİHİ VE ZAMANI | |
| Denetim Alanı | 20181213155025.0 |
| 008 - SABİT-BOY VERİ ELEMANLARI - GENEL BİLGİLER | |
| Sabit Uzunlukta Kontrol Alanı | 170928b tu 000 0 |
| 020 ## - ULUSLARARASI STANDART KİTAP NUMARASI | |
| Uluslararası Standart Kitap Numarası | 9786055614348 |
| 040 ## - KATALOGLAMA KAYNAK | |
| Orijinal Kataloglama Ajansı | Milas |
| Kataloglama Dili | tur |
| Metne Dönüştürmek Ajansı | TR-AnCHP |
| 041 ## - DİL KODU | |
| Metin / Ses Parça Veya Ayrı Başlığın Dil Kodu | tur |
| 082 ## - DEWEY ONLU SINIFLANDIRMA NUMARASI | |
| Sınıflandırma Numarası | ATA 956.101543 |
| Ürün Numarası | U48ç 2010 |
| 090 ## - SINIFLAMA NUMARASI | |
| Sınıflama Numarası | ATA 956.101543 U48ç 2010 |
| 111 ## - ANA GİRİŞ - TOPLANTI ADI | |
| Giriş Elemanı Olarak Toplantı Adı Veya Yargı Alanı Adı | Uluslararası Atatürk'ü Çağdaş Yorumlama ve Anma Programı |
| Toplantının Yeri | Çanakkale |
| Toplantı Veya Antlaşma İmzalandığı Tarihi | 2010 |
| Bölüm / Bölüm / Toplantı Sayısı | 2. |
| 245 ## - BAŞLIK TABLOSU | |
| Başlık | Çanakkale 1915, Mustafa Kemal Atatürk ve modern Türkiye |
| Sorumluluk Tablosu, Vb | Yayına hazırlayan Turan Tanyer |
| 260 ## - YAYIN, DAĞITIM, VB | |
| Yayın, Dağıtım, Vb Yeri | Ankara |
| Yayıncı, Dağıtıcı, Vs Adı | Türkiye Barolar Birliği |
| Yayın, Dağıtım, Vb Tarihi | 2010 |
| 300 ## - FİZİKSEL TANIM | |
| Kapsam | 124 s. |
| Diğer Fiziksel Ayrıntıları | res. |
| Boyutlar | 25 sm. |
| 440 ## - SERİSİ TABLOSU / KATMA GİRİŞİ - BAŞLIK | |
| Başlık | Türkiye Barolar Birliği Yayınları |
| Hacim / Ardışık Tanımı | 176 |
| 490 ## - SERİSİ TABLOSU | |
| Seri Beyanı | Kültür Serisi |
| Hacim / Ardışık Tanımı | 4 |
| 490 ## - SERİSİ TABLOSU | |
| Seri Beyanı | Atatürk Serisi |
| Hacim / Ardışık Tanımı | 3 |
| 600 ## - KONU KATMA GİRİŞ - KURUMSAL ADI | |
| Kişisel Ad | Atatürk, Mustafa Kemal |
| Bir Adıyla İlişkilendirilen Tarihler | 1881-1938 |
| Genel Alt Bölümü | Anma |
| Kronolojik Alt Bölümü | Toplantılar |
| 650 ## - KONU KATMA GİRİŞ - TOPİKAL DÖNEM | |
| Topikal Süreli Veya Coğrafi Ad Giriş Elemanı | Çanakkale Cephesi |
| Genel Alt Bölümü | Tarih |
| Kronolojik Alt Bölümü | Toplantılar |
| 650 ## - KONU KATMA GİRİŞ - TOPİKAL DÖNEM | |
| Topikal Süreli Veya Coğrafi Ad Giriş Elemanı | Çanakkale Savaşı, 1915-1916 |
| Genel Alt Bölümü | Tarih |
| Kronolojik Alt Bölümü | Toplantılar |
| Coğrafi Alt Bölümü | Çanakkale |
| 700 ## - KATMA GİRİŞ - KİŞİSEL İSİM | |
| Kişisel Ad | Tanyer, Turan |
| 942 ## - EKLENDİ GİRİŞ ELEMANLARI (KOHA) | |
| Sınıflandırma Veya Raf Düzeni Kaynak | |
| Koha Öğesi Türü | Books |
| 999 ## - SİSTEM KONTROL NUMARALARI (KOHA) | |
| Koha Biblionumber | 5044 |
| Koha Biblioitemnumber | 5044 |
| Kalıcı Konum | Mevcut Konum | Edinme Tarihi | Edinim Kaynak | Toplam Check-Out'Lar | Tam Çağrı Numarası | Barkod | Tarih Son Görülme | İtibaren Geçerli Fiyatlar | Koha Öğesi Türü |
|---|---|---|---|---|---|---|---|---|---|
| CHP Kütüphanesi | CHP Kütüphanesi | 01/25/2017 | Bağış | ATA 956.101543 U48ç 2010 | 012623 | 01/25/2017 | 01/25/2017 | Books |
